000 00416nam a22001697a 4500
005 20160629123953.0
008 160629b xxu||||| |||| 00| 0 eng d
020 _a81-229-0190-5
041 _aeng
082 _b10826
100 _a2 Patherson, Benton Rain and Coleman
_93176
245 _aThe Editor in Chief
260 _bsurjeet Publications
_c2005
300 _a193
650 _aManagement
_9241
942 _cBK
999 _c4659
_d4657